000 00215nam a22000857a 4500
008 170104b xxu||||| |||| 00| 0 eng d
100 _92263
_aGupta.S
245 _aBuilding Bridges Volues-6
260 _aNew Delhi
_bGRB
_c2012
999 _c5150
_d5150